000 00459nam a2200169Ia 4500
005 20250423094945.0
008 250422s9999 xx 000 0 und d
020 _a978- 0- 13- 138768
050 _aQA 76.76.A65 .S255/
100 _aJason Sanders
245 0 _aCUDA by example: an introduction to general- purpose GPU programming
260 _bNVIDIA Corporation
260 _c2011
300 _a290 p
650 _aComputer architecture
942 _cBK
999 _c28807
_d28807